|
|
|
|
| LEADER |
00000nam a22000007i 4500 |
| 001 |
IT\ICCU\NAP\0534136 |
| 003 |
ItRI |
| 005 |
20260115232053.0 |
| 008 |
120423s2012 it |||||| ||||| |||||c |
| 020 |
|
|
|a 9788824433563
|
| 040 |
|
|
|b ita
|c importazione bologna sebina
|
| 041 |
|
7 |
|a ita
|2 ISO-639-2
|
| 082 |
|
|
|a 346.45016
|9 DIRITTO MATRIMONIALE. ITALIA
|2 21
|
| 100 |
1 |
|
|a Di Pirro, Massimiliano
|0 IT\ICCU\PARV\407474
|
| 240 |
1 |
3 |
|a Il matrimonio omosessuale : dopo la sentenza della Cass. sez. 1., 15 marzo 2012, n. 4184
|3 IT\ICCU\UBO\4884204
|9 Di Pirro, Massimiliano
|
| 245 |
1 |
3 |
|a Il matrimonio omosessuale :
|b dopo la sentenza della Cass. sez. 1., 15 marzo 2012, n. 4184 /
|c Massimiliano Di Pirro.
|
| 260 |
|
|
|a Napoli :
|b Simone,
|c 2012
|
| 300 |
|
|
|a 176 p. ;
|c 21 cm.
|
| 650 |
|
7 |
|a Matrimonio omosessuale
|x Diritto
|
| 830 |
|
0 |
|a Bussola ;
|v 137
|0 IT\ICCU\UMC\0010438
|
| 942 |
|
|
|2 ddc
|c BK
|n 0
|
| 952 |
|
|
|0 0
|1 0
|4 0
|6 DOC_346_450000000000000_DIP
|7 0
|9 19524
|a BO
|b BO
|d 2026-01-15
|i 20859
|l 0
|o DOC 346.45 DIP
|p BO20859
|r 2026-01-15 23:20:53
|w 2026-01-15
|x [Sebina 5] [1 v.]
|y BK
|z 1 v.
|
| 999 |
|
|
|c 16630
|d 16630
|